|
|
|
|
| LEADER |
01207naa a2200217 i 4500 |
| 001 |
publ9707 |
| 005 |
20221128200716.0 |
| 008 |
161007s2014 hu o 0|| zxx d |
| 020 |
|
|
|a 978-963-306-341-5
|
| 024 |
7 |
|
|a 2787593
|2 mtmt
|
| 040 |
|
|
|a SZTE Publicatio Repozitórium
|b hun
|
| 041 |
|
|
|a zxx
|
| 100 |
1 |
|
|a Szilassi Péter
|
| 245 |
1 |
0 |
|a Lakossági kérdőívezés az aszály probléma megítéléséről = Anketiranje stanovništva vezano za mišljenje o problemima suše = Questionnaire survey of public opinion on the problem of drought
|h [elektronikus dokumentum] /
|c Szilassi Péter
|
| 260 |
|
|
|a Szegedi Tudományegyetem Természeti Földrajzi és Geoinformatikai Tanszék
|b Szeged, Magyarország
|c 2014
|
| 300 |
|
|
|a 332-339
|
| 490 |
0 |
|
|a Aszály és vízgazdálkodás a Dél-Alföldön és a Vajdaságban - Suša i upravljanje vodama u južnoj mađarskoj ravnici i Vojvodini - Drought and Water Management in South Hungary and Vojvodina
|
| 700 |
0 |
1 |
|a Sipos György
|e aut
|
| 700 |
0 |
1 |
|a Mészáros Minucsér
|e aut
|
| 856 |
4 |
0 |
|u http://publicatio.bibl.u-szeged.hu/9707/1/aszaly_SZP3_u.pdf
|z Dokumentum-elérés
|
| 856 |
4 |
0 |
|u http://publicatio.bibl.u-szeged.hu/9707/7/2762808_c%C3%ADmlap_tartj.pdf
|z Dokumentum-elérés
|